| 000 | 00374nam a2200157Ia 4500 | ||
|---|---|---|---|
| 008 | 221030s9999 xx 000 0 und d | ||
| 020 | _a8120307755 | ||
| 041 | _aEnglish | ||
| 082 |
_a105.23 _bKos |
||
| 100 | _aI. L. Kosow | ||
| 245 | 0 |
_aElectric Machinery & Transformers _cby I. L. Kosow |
|
| 260 |
_bPHI _aNew Delhi _c2001 |
||
| 300 | _a626 | ||
| 650 | _aEE | ||
| 942 | _cBK | ||
| 999 |
_c2661 _d2661 |
||